| 000 | 00823nam a2200253 i 4500 | ||
|---|---|---|---|
| 001 | 11961 | ||
| 003 | KOSZ 005 | ||
| 005 | 20200630132825.0 | ||
| 008 | 070620s1969 pl g 000 0 pol | ||
| 015 | _aPB 1969/7792 | ||
| 040 |
_aWA N _cKOSZ 005/RW _dKOSZ 005/RW |
||
| 080 | _a37.01:301 | ||
| 100 | 1 |
_aChałasiński, Józef _d(1904-1979). _eAutor |
|
| 245 | 1 | 0 |
_aSpołeczeństwo i wychowanie / _cJózef Chałasiński. |
| 250 | _aWyd. 3. | ||
| 260 |
_aWarszawa : _bPaństwowe Wydawnictwo Naukowe, _c1969. |
||
| 300 |
_a335 s. ; _c25 cm. |
||
| 380 | _aKsiążki. | ||
| 650 | 4 | _aSocjologia | |
| 650 | 4 | _aWychowanie | |
| 710 | 2 |
_aPaństwowe Wydawnictwo Naukowe _4pbl. |
|
| 856 |
_uhttp://koha.tu.koszalin.pl/cgi-bin/koha/opac-detail.pl?biblionumber=11961 _yKatalog online BPK |
||
| 942 |
_2UKD _cKS |
||
| 999 |
_c11961 _d11961 |
||